000 00379nam a22001577a 4500
003 MPLRDC
005 20220104142647.0
008 210129b ||||| |||| 00| 0 eng d
082 _a448.792 LGY
100 _a赖耿阳译
245 _a产业机器人基本原理
_c
260 _a
_b复汉出版社
_c1981
300 _b
650 _a机器人
942 _cBK
_o448.792 LGY
999 _c32686
_d32676